Normal view
MARC view
Entry Topical Term
001 - CONTROL NUMBER
- control field: 9053
003 - CONTROL NUMBER IDENTIFIER
- control field: ARRUPE
005 - DATE AND TIME OF LATEST TRANSACTION
- control field: 20140312142420.0
008 - FIXED-LENGTH DATA ELEMENTS
- fixed length control field: 140312|| aca||aabn | a|a d
040 ## - CATALOGING SOURCE
- Original cataloging agency: ARRUPE
- Transcribing agency: ARRUPE
150 ## - HEADING--TOPICAL TERM
- Topical term or geographic name as entry element: Ethnology
- Geographic subdivision: South Africa
- Geographic subdivision: Transvaal.
670 ## - SOURCE DATA FOUND
- Source citation: Work cat.: (ARRUPE)0: Stevenson-Hamilton, James, 1867-1957. 9050, The Low-Veld :, 1929.